Statistics for Železniční stanice Prahy

Click here to take the quiz!

General Stats

  • This quiz has been taken 265 times
  • The average score is 19 of 45

Answer Stats

Nazev stanice Praha-% Correct
hlavní nádraží
97%
Holešovice
83%
Smíchov
82%
Libeň
81%
Masarykovo nádraží
71%
Vršovice
67%
Dejvice
58%
Hostivař
58%
Veleslavín
56%
Vysočany
55%
Zličín
50%
Radotín
48%
Horní Počernice
47%
Podbaba
46%
Braník
45%
Bubny
44%
Běchovice
43%
Dolní Počernice
43%
Krč
43%
Modřany zastávka
43%
Ruzyně
43%
Kyje
41%
Velká Chuchle
41%
Klánovice
40%
Uhříněves
39%
Kačerov
36%
Zbraslav
36%
Horní Měcholupy
34%
Stodůlky
34%
Strašnice zastávka
34%
Jinonice
32%
Čakovice
31%
Hlubočepy
31%
Řeporyje
29%
Kbely
27%
Satalice
27%
Kolovraty
26%
Cibulka
25%
Komořany
24%
Běchovice střed
21%
Sedlec
21%
Holešovice zastávka
20%
Smíchov severní nástupiště
18%
Žvahov
17%
Holyně
16%

Score Distribution

Percentile by Number Answered

Percent of People with Each Score

Your Score History

You have not taken this quiz